Sports Quiz

Random Sports or Football Quiz
Score 0/200 Timer 10:00
7 Plays Today
Year Player % Correct
2010Adrian Peterson
96.7%
2009Adrian Peterson
96.7%
2008Adrian Peterson
96.7%
2007Adrian Peterson
96.7%
2012Adrian Peterson
96.4%
2013Adrian Peterson
96.3%
2019Ezekiel Elliott
95.9%
2019Derrick Henry
95.5%
2015Adrian Peterson
95.5%
2018Ezekiel Elliott
95.4%
2010Chris Johnson
95.1%
2009Chris Johnson
95.1%
2008Chris Johnson
95.1%
2006Larry Johnson
94.5%
2005Larry Johnson
94.5%
2018Adrian Peterson
94.4%
2006Rudi Johnson
94.3%
2005Rudi Johnson
94.3%
2004Rudi Johnson
94.3%
2019Lamar Jackson
94.3%
2018Todd Gurley
94.1%
2017Ezekiel Elliott
93.6%
2017Todd Gurley
93.2%
2017Le'Veon Bell
92.9%
2016Le'Veon Bell
92.8%
2012Chris Johnson
92.6%
2016Ezekiel Elliott
92.5%
2013LeSean McCoy
92.3%
2008LaDainian Tomlinson
92.2%
2007LaDainian Tomlinson
92.2%
2006LaDainian Tomlinson
92.2%
2005LaDainian Tomlinson
92.2%
2004LaDainian Tomlinson
92.2%
2003LaDainian Tomlinson
92.2%
2002LaDainian Tomlinson
92.2%
2001LaDainian Tomlinson
92.2%
2012Marshawn Lynch
92%
2018Saquon Barkley
91.9%
2013Marshawn Lynch
91.9%
2014Le'Veon Bell
91.9%
2011Frank Gore
91.7%
2016David Johnson
91.6%
2014LeSean McCoy
91.5%
2019Christian McCaffrey
91.2%
2014Marshawn Lynch
91.1%
2011LeSean McCoy
90.9%
2016LeSean McCoy
90.5%
2017LeSean McCoy
90.5%
2013Frank Gore
90.3%
2012Frank Gore
89.8%
2011Marshawn Lynch
89.7%
2014DeMarco Murray
89.5%
2011Arian Foster
89.2%
2010Steven Jackson
89.1%
2009Steven Jackson
89.1%
2006Steven Jackson
89.1%
2014Frank Gore
89%
2013DeMarco Murray
88.9%
2019Nick Chubb
88.9%
2010Maurice Jones-Drew
88.6%
2009Maurice Jones-Drew
88.6%
2008DeAngelo Williams
88.4%
2009Ricky Williams
88.4%
2003Ricky Williams
88.4%
2002Ricky Williams
88.4%
2001Ricky Williams
88.4%
2015Todd Gurley
88.4%
Year Player % Correct
2010Arian Foster
88.1%
2009Thomas Jones
87.9%
2008Thomas Jones
87.9%
2007Thomas Jones
87.9%
2005Thomas Jones
87.9%
2011Ray Rice
87.9%
2019Leonard Fournette
87.8%
2015Latavius Murray
87.2%
2015Frank Gore
87.2%
2011Steven Jackson
87.1%
2012Arian Foster
86.9%
2012Doug Martin
86.7%
2010Ray Rice
86.5%
2009Ray Rice
86.5%
2018Derrick Henry
86.2%
2016DeMarco Murray
86.1%
2006Frank Gore
85.3%
2011Maurice Jones-Drew
85.3%
2015Doug Martin
85.1%
2013Matt Forte
85%
2014Arian Foster
84.9%
2017Kareem Hunt
84.9%
2012Jamaal Charles
84.6%
2013Jamaal Charles
84.3%
2015DeAngelo Williams
84.3%
2019Josh Jacobs
83.9%
2017Mark Ingram
83.8%
2019Joe Mixon
83%
2018Christian McCaffrey
83%
2019Dalvin Cook
82.9%
2019Chris Carson
82%
2017Leonard Fournette
80.8%
2005Shaun Alexander
80.5%
2004Shaun Alexander
80.5%
2003Shaun Alexander
80.5%
2001Shaun Alexander
80.5%
2018Nick Chubb
79.9%
2017Melvin Gordon
79.8%
2010Jamaal Charles
79.4%
2010Michael Turner
79.4%
2008Michael Turner
79.4%
2016Devonta Freeman
79.1%
2018Joe Mixon
78.4%
2015Devonta Freeman
77.6%
2011Michael Turner
77%
2007Edgerrin James
76.5%
2005Edgerrin James
76.5%
2004Edgerrin James
76.5%
2000Edgerrin James
76.5%
2013Eddie Lacy
76.4%
2015Jonathan Stewart
75.8%
2006Tiki Barber
75.8%
2005Tiki Barber
75.8%
2004Tiki Barber
75.8%
2002Tiki Barber
75.8%
2008Clinton Portis
75.3%
2007Clinton Portis
75.3%
2005Clinton Portis
75.3%
2004Clinton Portis
75.3%
2003Clinton Portis
75.3%
2002Clinton Portis
75.3%
2017Jordan Howard
75.3%
2014Eddie Lacy
74.5%
2016Jordan Howard
74.5%
2004Curtis Martin
74.5%
2001Curtis Martin
74.5%
2018Chris Carson
74.3%
Year Player % Correct
2007Jamal Lewis
73.7%
2003Jamal Lewis
73.7%
2002Jamal Lewis
73.7%
2000Jamal Lewis
73.7%
2012Alfred Morris
73.7%
2008Matt Forte
73.4%
2017C.J. Anderson
73.3%
2013Alfred Morris
73.1%
2016LeGarrette Blount
72.1%
2003Ahman Green
71.3%
2001Ahman Green
71.3%
2018Phillip Lindsay
70.5%
2010Rashard Mendenhall
70.5%
2007Brian Westbrook
69.8%
2006Brian Westbrook
69.8%
2010Ahmad Bradshaw
69.6%
2003Priest Holmes
68.9%
2002Priest Holmes
68.9%
2001Priest Holmes
68.9%
2009Jonathan Stewart
68.8%
2014Jeremy Hill
68.1%
2014Lamar Miller
67.7%
2016Lamar Miller
67.1%
2016Jay Ajayi
65.9%
2015Darren McFadden
65.2%
2000Jerome Bettis
64.1%
2007Fred Taylor
64%
2004Fred Taylor
64%
2003Fred Taylor
64%
2002Fred Taylor
64%
2000Fred Taylor
64%
2006Chester Taylor
63.9%
2001Marshall Faulk
63.2%
2000Marshall Faulk
63.2%
2009Cedric Benson
60.8%
2007Willie Parker
60.6%
2006Willie Parker
60.6%
2009Ryan Grant
60.4%
2008Ryan Grant
60.4%
2011Willis McGahee
60.2%
2007Willis McGahee
59.6%
2005Willis McGahee
59.6%
2011Ryan Mathews
59.1%
2004Corey Dillon
58.9%
2002Corey Dillon
58.9%
2001Corey Dillon
58.9%
2000Corey Dillon
58.9%
2014Justin Forsett
57.6%
2013Ryan Mathews
56.2%
2000Robert Smith
55.6%
2000Eddie George
55.3%
2003Stephen Davis
55%
2001Stephen Davis
55%
2000Stephen Davis
55%
2015Chris Ivory
53.9%
2012C.J. Spiller
53.9%
2003Deuce McAllister
48.6%
2002Deuce McAllister
48.6%
2005Warrick Dunn
45.9%
2000Mike Anderson
44.3%
2012Stevan Ridley
42.8%
2008Steve Slaton
42.8%
2006Travis Henry
34.4%
2002Travis Henry
34.4%
2001Garrison Hearst
28%
2004Reuben Droughns
19.1%
Come Together.
Have Fun.
All Virtual.
We all need to come together. Play Sporcle's virtual live trivia to have fun, connect with people, and get your trivia on. Join a live hosted trivia game for your favorite pub trivia experience done virtually. If a virtual private party is more your thing, go here for details.

You're not logged in!

Compare scores with friends on all Sporcle quizzes.
OR
Log In

Sporcle TV

Today on Sporcle TV


Watch our educational content, quiz creation guides, and fun videos on Sporcle TV.

Show Comments

Extras

Top Quizzes Today


Score Distribution

Paid Content

Your Account Isn't Verified!

In order to create a playlist on Sporcle, you need to verify the email address you used during registration. Go to your Sporcle Settings to finish the process.

Report this User

Report this user for behavior that violates our Community Guidelines.

Details: